000 00448nam a2200169Ia 4500
008 221030s9999 xx 000 0 und d
020 _a9814053198
041 _aEnglish
082 _a105.23
_bAho
100 _aA. V. Aho
245 4 _aThe Design & Analysis Of Computer Algorithms
_cby A. V. Aho, J. E. Hopcroft
260 _bAddison Wesley
_aNew Delhi
_c1999
300 _a470
650 _aBE Computer
700 _aJ. E. Hopcroft
942 _cBK
999 _c2625
_d2625